000 00333nam a2200145Ia 4500
008 150201s2012 xx 000 0 und d
082 _a612.3
_bD12S
100 _aSHARMA, REKHA
245 _aDIET MANAGEMENT
250 _a4TH
260 _bELSEVIER
_aINDIA
_c2012
300 _a236
650 _aNUTRITON & DIET
942 _2ddc
_cBK
_09
999 _c2157
_d2157